000
00261nam a2200109Ia 4500
008
190216s9999||||xx |||||||||||||| ||und||
100
_a
Arun Bhattacharjee
245
0
_a
World Revolutions
260
_b
British Publishing House
650
_a
History
942
_c
BK
999
_c
20115
_d
20115